000
00338nam a22001457a 4500
008
210602b ||||| |||| 00| 0 eng d
020
_a
9780395969793
041
_a
eng
080
_2
5th
_a
510
082
_a
510
100
_a
38
101
_a
MAT
245
_a
Beginning Algebra with Applications
_c
Richard N. Aufmann
942
_2
udc
_c
BK
999
_c
57916
_d
57916